000 00297nam a22001337a 4500
008 170201b xxu||||| |||| 00| 0 eng d
020 _a0894340557
041 _aeng
080 _a61
100 _a3
101 _aSHM
245 _aTHE MEDICALAND HEALTH ENCYCLOPEDIA
_cWAGMAN.R.J
942 _2udc
_cBK
999 _c4192
_d4192